000 00232nam a2200097Ia 4500
005 20251222114354.0
008 251222s1900||||xx |||||||||||||| ||spa||
082 _aDVD0080/V63/1956
245 0 _aGuerre et paix:Guerra y Paz
942 _cDVD
999 _c1372
_d1372